Countries Bordering "Land" Countries - Statistics

General Stats
  • This quiz has been taken 2,556 times
    2,402 since last reset
  • The average score is 15 of 19
Answer Stats
Country % Correct
Germany (Poland)
95%
Russia (Finland)
94%
United Kingdom (Ireland)
93%
Sweden (Finland)
90%
France (Switzerland)
85%
Austria (Switzerland)
84%
Norway (Finland)
83%
Italy (Switzerland)
82%
Czech Republic (Poland)
81%
Liechtenstein (Switzerland)
79%
Slovakia (Poland)
78%
Lithuania (Poland)
75%
Belarus (Poland)
74%
Belgium (Netherlands)
74%
Ukraine (Poland)
72%
Laos (Thailand)
70%
Burma (Thailand)
69%
Cambodia (Thailand)
68%
Malaysia (Thailand)
58%
No matching quizzes found
Score Distribution
Percent of People with Each Score
Percentile by Number Answered
Your Score History
You have not taken this quiz since the last reset